| 000 | 00476nam a2200193Ia 4500 | ||
|---|---|---|---|
| 003 | GCL | ||
| 005 | 20240530095807.0 | ||
| 008 | 140319s9999 xx 000 0 eng d | ||
| 040 |
_aGCL / _cGCL |
||
| 082 | 0 | 4 |
_a306.345 _bH F |
| 100 | 1 | _aHALL, STUART | |
| 245 | 1 | 0 |
_aFORMATIONS OF MODERNITY / _cHALL, STUART |
| 260 |
_a[S.N] : _bPOLITY PRESS ، _c1992 |
||
| 300 | _a342 | ||
| 650 | 0 | 4 | _aSOCIOLOGY |
| 650 | 0 | 4 | _aMODERN SOCIETY |
| 700 | 1 | _aGRIEBEN, BRAM | |
| 942 |
_2ddc _cBK |
||
| 999 |
_c10734 _d10734 |
||